000
00287nam a22001337a 4500
005
20250616133505.0
008
250616b |||||||| |||| 00| 0 eng d
020
_a
9964952120
050
_a
BS478
_b
BAC
100
_a
BACH L.
245
_a
TYPOLOGY
300
_a
166p
942
_2
lcc
_c
BK
_n
0
999
_c
6520
_d
6520